Wildlife Health & Management : June 12-14, 2015 /

Bibliographic Details
Corporate Authors: Wildlife Health & Management, Texas A & M University. College of Veterinary Medicine & Biomedical Sciences
Other Authors: Cook, Walter
Format: Book
Language:English
Published: [College Station, Texas] : [Veterinary Medicine & Biomedical Sciences, Texas A&M University], [2015]
Subjects:

MARC

Tag First Indicator Second Indicator Subfields
LEADER 00000cam a2200000Ia 4500
001 in00004536921
005 20170830100800.0
008 160726s2015 txua b 100 0 eng d
035 |a (OCoLC)ocn953999590 
035 |a (OCoLC)953999590 
040 |a TMV  |c TMV  |d UtOrBLW 
049 |a TMVM 
060 4 |a SF 996.4  |b W673w 2015 
110 2 |a Wildlife Health & Management  |d (2015 :  |c Texas A&M University) 
245 1 0 |a Wildlife Health & Management :  |b June 12-14, 2015 /  |c Dr. Walter Cook. 
246 3 0 |a Wildlife Health and Management. 
264 1 |a [College Station, Texas] :  |b [Veterinary Medicine & Biomedical Sciences, Texas A&M University],  |c [2015] 
300 |a 48 pages :  |b illustrations ;  |c 29 cm 
336 |a text  |b txt  |2 rdacontent 
337 |a unmediated  |b n  |2 rdamedia 
338 |a volume  |b nc  |2 rdacarrier 
500 |a Title from cover. 
504 |a Includes bibliographical references. 
505 0 |a Meet your speakers -- Malignant catarrhal fever -- Interesting disease cases of free ranging wildlife -- Health factors influencing human tiger conflict in Russia -- The role of feral swine as a reservoir for key pathogens -- Drug regulations that apply to wildlife -- Talking points to facilitate discussion of the use of antimicrobials in wildlife -- Potential population-level impacts on chronic wasting disease -- Antemortem sampling for chronic wasting disease -- Post-mortem sampling for chronic wasting disease 
650 0 |a Wildlife diseases  |v Congresses. 
650 2 |a Animal Diseases.  |0 https://id.nlm.nih.gov/mesh/D000820 
650 2 |a Animals, Wild.  |0 https://id.nlm.nih.gov/mesh/D000835 
655 2 |a Congresses.  |0 https://id.nlm.nih.gov/mesh/D016423 
700 1 |a Cook, Walter.  |0 http://id.loc.gov/authorities/names/n85069078 
710 2 |a Texas A & M University.  |b College of Veterinary Medicine & Biomedical Sciences.  |0 http://id.loc.gov/authorities/names/no2008166671 
999 f f |s ea78368b-c18d-3ebe-a2ec-7ae612c876b9  |i 1f205ec2-4338-32a0-b70a-1c9734047d81  |t 0 
952 f f |p noncirc  |a Texas A&M University  |b J.J. Pickle Campus  |c High Density Repository  |d Remote Storage  |t 0  |i unmediated -- volume  |m 323890258625A 
998 f f |t 0  |l Remote Storage